000 00591nam a2200241 a 4500
001 0001-1259
003 ELIB.Books
008 150618 2010 eng
020 _a0786863218
035 _a(ELIB.Books)0001-1414
092 _a332.024
_bCar
100 _aCarlson, Richard.
245 _aDon't Worry, Make Money
260 _aNew York
_bHyperion Press
_c1997
300 _a223
_c17.3 Cm
500 _aLibrary
650 _aBusiness
856 _nKBTS: Library
_uKBTS: Elib
942 _2ddc
_cBK
990 _a1
998 _cbat
_e2015-06-18
999 _c11259
_d11259